Basic Bible study. (Record no. 3821)

000 -LEADER
fixed length control field 00511nam a2200181 a 4500
001 - CONTROL NUMBER
control field :::00001556$&:&@@
003 - CONTROL NUMBER IDENTIFIER
control field OkBaRHE
005 - DATE AND TIME OF LATEST TRANSACTION
control field 20000607103244.0
008 - FIXED-LENGTH DATA ELEMENTS--GENERAL INFORMATION
fixed length control field s1978 j 000 0 eng u
040 ## - CATALOGING SOURCE
Transcribing agency
100 1# - MAIN ENTRY--PERSONAL NAME
Personal name LeRoy, Douglas.
245 10 - TITLE STATEMENT
Title Basic Bible study.
260 ## - PUBLICATION, DISTRIBUTION, ETC. (IMPRINT)
Place of publication, distribution, etc Cleveland, TN., :
Name of publisher, distributor, etc Pathway Press
Date of publication, distribution, etc c1978
300 ## - PHYSICAL DESCRIPTION
Extent 72 p. ;
Dimensions 18 cm.
650 ## - SUBJECT ADDED ENTRY--TOPICAL TERM
Topical term or geographic name as entry element Bible
General subdivision Study
942 ## - ADDED ENTRY ELEMENTS (KOHA)
Source of classification or shelving scheme
Koha item type Books
Copies
Copy number Barcode Date last seen Permanent Location Shelving location Source of classification or shelving scheme Full call number Price effective from Date acquired Damaged status Withdrawn status Lost status Not for loan Koha item type
115562010-04-14RHEMA Bible Training CollegeGeneral Stacks BS 600 .L42010-04-142010-04-14    Books